Islamic Surveys: Islamic philosophy and theology / (Record no. 20430)
[ view plain ]
| 000 -LEADER | |
|---|---|
| fixed length control field | 00755cam a22002531 4500 |
| 001 - CONTROL NUMBER | |
| control field | 2639962 |
| 003 - CONTROL NUMBER IDENTIFIER | |
| control field | BDDh-ASL |
| 005 - DATE AND TIME OF LATEST TRANSACTION | |
| control field | 20231015025904.0 |
| 008 - FIXED-LENGTH DATA ELEMENTS--GENERAL INFORMATION | |
| fixed length control field | 730220s1962 stk b 000 0 eng |
| 010 ## - LIBRARY OF CONGRESS CONTROL NUMBER | |
| LC control number | 62051017 |
| 040 ## - CATALOGING SOURCE | |
| Original cataloging agency | DLC |
| Transcribing agency | DLC |
| Modifying agency | DLC |
| -- | BDDh-ASL |
| 050 00 - LIBRARY OF CONGRESS CALL NUMBER | |
| Classification number | DS36.85 |
| Item number | .I8 no. 1 |
| 082 00 - DEWEY DECIMAL CLASSIFICATION NUMBER | |
| Classification number | 297.09 |
| Item number | WAI |
| 100 1# - MAIN ENTRY--PERSONAL NAME | |
| Personal name | Watt, W. Montgomery |
| Fuller form of name | (William Montgomery) |
| 245 10 - TITLE STATEMENT | |
| Title | Islamic Surveys: Islamic philosophy and theology / |
| 260 ## - PUBLICATION, DISTRIBUTION, ETC. | |
| Place of publication, distribution, etc. | Edinburgh: |
| Name of publisher, distributor, etc. | University Press |
| Date of publication, distribution, etc. | [1962] |
| 300 ## - PHYSICAL DESCRIPTION | |
| Extent | xxiii, 196 p. |
| Dimensions | 21 cm. |
| 440 #0 - SERIES STATEMENT/ADDED ENTRY--TITLE | |
| Title | Islamic surveys, |
| Volume/sequential designation | 1 |
| 504 ## - BIBLIOGRAPHY, ETC. NOTE | |
| Bibliography, etc. note | Includes bibliographies. |
| 650 #0 - SUBJECT ADDED ENTRY--TOPICAL TERM | |
| Topical term or geographic name entry element | Islam |
| General subdivision | Doctrines. |
| 650 #0 - SUBJECT ADDED ENTRY--TOPICAL TERM | |
| Topical term or geographic name entry element | Islamic philosophy. |
| 906 ## - LOCAL DATA ELEMENT F, LDF (RLIN) | |
| a | 7 |
| b | cbc |
| c | orignew |
| d | u |
| e | ocip |
| f | 19 |
| g | y-gencatlg |
| 942 ## - ADDED ENTRY ELEMENTS (KOHA) | |
| Source of classification or shelving scheme | Dewey Decimal Classification |
| Koha item type | Books |
| Withdrawn status | Lost status | Source of classification or shelving scheme | Damaged status | Not for loan | Collection code | Home library | Current library | Shelving location | Date acquired | Source of acquisition | Total Checkouts | Full call number | Barcode | Date last seen | Copy number | Price effective from | Koha item type |
|---|---|---|---|---|---|---|---|---|---|---|---|---|---|---|---|---|---|
| Dewey Decimal Classification | Non-fiction | Asiatic Society Library | Asiatic Society Library | General Stacks | 01/09/2021 | ASB Collection | 297.09 WAI | 103875 | 01/09/2021 | C-1 | 01/09/2021 | Books |